Squadre con più Titoli Nazionali - Statistics

Statistiche generali
  • Questo quiz è stato fatto 286 volte
  • Il punteggio medio è 9 su 15
Statistiche sulle risposte
Domanda Risposta % Corretto
Germania Bayern Monaco
100%
Italia Juventus
94%
Paesi Bassi Ajax
91%
Spagna Real Madrid
87%
Svezia Malmö FF
79%
Turchia Galatasaray
78%
Francia PSG
78%
Inghilterra Manchester United
74%
Portogallo Benfica
71%
Belgio Anderlecht
44%
Uruguay Peñarol
34%
Argentina River Plate
33%
Brasile Palmeiras
19%
Scozia Rangers
13%
Svizzera Grasshopper
5%
Nessun quiz corrispondente trovato
Distribuzione punteggi
Percentuale di utenti per punteggio
Percentile per numero di risposta
I tuoi punteggi nel tempo
Non hai fatto questo quiz